Небо пломеніє (Запис № 384129)

МАРК-запис
000 -Лідер
fixed length control field 00816nam a22002417a 4500
001 - Контрольний номер
control field 97888
003 - Ідентифікатор контрольного номера
control field UA-OsUOA
005 - Дата та час останнього входження (трансакції)
control field 20200602152128.0
007 - Фіксоване поле фізичного опису
fixed length control field ta
008 - Елементи даних фіксованої довжини – загальна інформація
fixed length control field 20130408b un ||||| |||| 00| 0 ukr d
040 ## - Джерело каталогізації
Агенція оригінальної каталогізації UA-OsUOA
Мова каталогізації ukr
Агенція, яка здійснювала перезапис UA-OsUOA
Агенція, яка здійснювала модифікацію UA-OsUOA
041 ## - Код мови
Код мови тексту/ звукової доріжки чи окремого заголовка (П) ukr
080 ## - Індекс Універсальної десяткової класифікації
Індекс Універсальної десяткової класифікації (УДК) (НП) 821.161.2
090 ## - Локальний шифр розміщення
Класифікаційний індекс УДК 821.161.2
Авторський знак (НП) П18
100 ## - Основне введення – ім’я особи
Ім’я особи (НП) Парандовський Я.
245 ## - Відомості про назву
Назва (НП) Небо пломеніє
Решта назви (НП) роман
Дані про відповідальність (НП) Ян Парандовський ; перекл. Б. Гавришківа
260 ## - Публікація, розповсюдження і т.п. (Вихідні дані)
Місце публікації, розповсюдження і т.п. (П) Львів
Ім’я/ наймення видавництва, розповсюджувача і т.п. (П) Каменяр
Дата публікації, розповсюдження і т.п. (П) 1978
300 ## - Фізичний опис
Обсяг 252 с.
650 #7 - Додаткове предметне введення – тематичний термін
Тематичний термін чи географічна назва, як елемент введення (НП) 82 Література. Літературознавство
Джерело заголовка чи терміна UDC
942 ## - Додаткові елементи входу (Коха)
Тип елемента Koha Книги
Source of classification or shelving scheme Universal Decimal Classification
955 ## - Код типу видання за змістом
Код типу видання за змістом (НП) Літературно-художні видання
Фонди
Стан вилучень Стан втрат Джерело класифікації або схеми стелажів Стан уражень Не для кредиту Постійне місце розташування Поточне розміщення Дата придбання Інвентарний номер Усього замовленно Повний номер виклику Штрих-код Дата останнього перегляду Ціна ефективна від Тип елемента Koha
    Universal Decimal Classification     АБ - Абонемент НБ АБ - Абонемент НБ 08/04/2013 19015   821.161.2 П18 19015 22/04/2022 08/04/2013 Книги
    Universal Decimal Classification     АБ - Абонемент НБ АБ - Абонемент НБ 08/04/2013 36528   821.161.2 П18 36528 22/04/2022 08/04/2013 Книги
    Universal Decimal Classification     АБ - Абонемент НБ АБ - Абонемент НБ 14/03/2019 16569   821.161.2 П18 16569 07/04/2022 14/03/2019 Книги
    Universal Decimal Classification     АБ - Абонемент НБ АБ - Абонемент НБ 20/03/2019 18832   821.161 П18 18832 07/04/2022 20/03/2019 Книги
    Universal Decimal Classification     АБ - Абонемент НБ АБ - Абонемент НБ 14/03/2019 30012   884.0 П18 30012 25/04/2022 14/03/2019 Книги
    Universal Decimal Classification     АБ - Абонемент НБ АБ - Абонемент НБ 17/10/2010 16570   821.161.2 П18 16570 30/06/2022 17/10/2019 Книги
    Universal Decimal Classification     АБ - Абонемент НБ АБ - Абонемент НБ 17/10/2010 30014   821.161.2 П18 30014 30/06/2022 17/10/2019 Книги